[Event "Montigny le Bretonneux op 21st"]
[Site "Montigny le Bretonneux"]
[Date "2017.05.25"]
[Round "1"]
[White "Couradin, Bruno"]
[Black "Vo, Bao Nam"]
[Result "1-0"]
[WhiteElo "1550"]
[BlackElo "1110"]
[PlyCount "97"]
[EventDate "2017.05.25"]
[EventType "swiss"]
[EventRounds "9"]
[EventCountry "FRA"]
[SourceTitle "EXT 2020"]
[Source "ChessBase"]
[SourceDate "2019.10.17"]
[SourceVersion "1"]
[SourceVersionDate "2019.10.17"]
[SourceQuality "1"]

1. e4 e5 2. Bc4 Nf6 3. Nc3 Nc6 4. a3 Bc5 5. Nf3 d6 6. h3 0-0 7. d3 Be6 8. Bg5 Bd4 9. Nxd4 exd4 10. Nd5 Bxd5 11. Bxd5 Qe7 12. Bxc6 bxc6 13. Qf3 Qe5 14. Bxf6 Qxf6 15. Qxf6 gxf6 16. f4 Rae8 17. 0-0 d5 18. exd5 cxd5 19. Rfe1 c5 20. Rxe8 Rxe8 21. Kf2 c4 22. dxc4 dxc4 23. Rd1 Re4 24. g3 f5 25. Re1 c3 26. bxc3 dxc3 27. Rxe4 fxe4 28. Ke3 f5 29. g4 fxg4 30. hxg4 Kg7 31. Kxe4 Kf6 32. Kd4 Kg6 33. Kxc3 h5 34. gxh5+ Kxh5 35. Kd4 Kg4 36. Ke5 a5 37. c4 Kf3 38. f5 Ke3 39. f6 Kd3 40. c5 Kc4 41. c6 Kb3 42. f7 Kxa3 43. f8Q+ Kb3 44. c7 a4 45. c8Q a3 46. Qf3+ Kb2 47. Qcc3+ Ka2 48. Qc2+ Ka1 49. Qf1# 1-0

[Event "Montigny le Bretonneux op 21st"]
[Site "Montigny le Bretonneux"]
[Date "2017.05.25"]
[Round "2"]
[White "Vo, Bao Nam"]
[Black "Sondermeijer, Antoine"]
[Result "0-1"]
[WhiteElo "1110"]
[BlackElo "1399"]
[PlyCount "56"]
[EventDate "2017.05.25"]
[EventType "swiss"]
[EventRounds "9"]
[EventCountry "FRA"]
[SourceTitle "EXT 2020"]
[Source "ChessBase"]
[SourceDate "2019.10.17"]
[SourceVersion "1"]
[SourceVersionDate "2019.10.17"]
[SourceQuality "1"]

1. e4 c5 2. Nc3 g6 3. Nf3 Bg7 4. Bc4 e6 5. 0-0 Ne7 6. e5 0-0 7. d4 cxd4 8. Qxd4 Nbc6 9. Qe4 Nxe5 10. Nxe5 d5 11. Bxd5 Nxd5 12. Nf3 Nxc3 13. bxc3 Bxc3 14. Bh6 Bg7 15. Bxg7 Kxg7 16. Qe5+ f6 17. Qc3 b6 18. Rad1 Qe7 19. Rfe1 Bd7 20. Ng5 Rac8 21. Rxd7 Qxd7 22. Nxe6+ Kg8 23. Nxf8 Rxc3 24. Nxd7 Kf7 25. Re2 Ra3 26. c4 Rc3 27. Re4 Rc1+ 28. Re1 Rxe1# 0-1